[Event "chess.com IoM Masters"]
[Site "Douglas ENG"]
[Date "2017.09.28"]
[Round "6.34"]
[White "Tarjan, James"]
[Black "Tregubov, Pavel V."]
[Result "1-0"]
[WhiteTitle "GM"]
[BlackTitle "GM"]
[WhiteElo "2412"]
[BlackElo "2589"]
[WhiteFideId "2000180"]
[BlackFideId "4115341"]
[EventDate "2017.09.23"]

1. c4 e5 2. Nc3 Nf6 3. Nf3 Nc6 4. g3 Bc5 5. Bg2 d6 6. O-O h6 7. e3 O-O 8. d4 Bb6
9. h3 a5 10. b3 Re8 11. Bb2 exd4 12. Nxd4 Bxd4 13. exd4 Bf5 14. g4 Bd7 15. f4
Nh7 16. Nd5 Rb8 17. Qd2 b6 18. f5 Ne7 19. Nf4 Nc6 20. Nh5 Qh4 21. f6 Ng5 22.
fxg7 Nxh3+ 23. Bxh3 Qxh3 24. Qf4 Qxg4+ 25. Qxg4 Bxg4 26. Nf6+ Kxg7 27. Nxg4 Re4
28. Nf6 Re2 29. Nh5+ Kf8 30. Rf2 Rbe8 31. Raf1 Rxf2 32. Rxf2 Re1+ 33. Kg2 Rd1
34. Nf4 Ke8 35. Nd5 Kd8 36. Ne3 Re1 37. Kf3 Ne7 38. Rh2 Kd7 39. d5 Rb1 40. Bf6
Ng8 41. Bd4 a4 42. bxa4 Rb4 43. a5 bxa5 44. Ke4 a4 45. Kd3 Rb1 46. Kc3 a3 47.
Nc2 Rb2 48. Rf2 Ne7 49. Nxa3 Rxf2 50. Bxf2 h5 51. Kd4 h4 52. Ke4 h3 53. Kf3 c6
54. Bh4 Nf5 55. Bg3 cxd5 56. cxd5 Ne7 57. Ke4 f5+ 58. Kd4 Ng6 59. Nc2 f4 60. Bh2
Ne5 61. Bxf4 h2 62. Bxh2 Nf3+ 63. Ke4 Nxh2 64. Ne3 1-0

[Event "chess.com IoM Masters"]
[Site "Douglas ENG"]
[Date "2017.09.28"]
[Round "6.35"]
[White "Sundararajan, Kidambi"]
[Black "Brunello, Sabino"]
[Result "1/2-1/2"]
[WhiteTitle "GM"]
[BlackTitle "GM"]
[WhiteElo "2426"]
[BlackElo "2555"]
[WhiteFideId "5005370"]
[BlackFideId "813613"]
[EventDate "2017.09.23"]

1. Nf3 d5 2. e3 Nf6 3. c4 e6 4. b3 b6 5. Bb2 Bb7 6. Nc3 Nbd7 7. d4 Bd6 8. Bd3
O-O 9. O-O dxc4 10. bxc4 e5 11. Bc2 exd4 12. exd4 Re8 13. Qd3 Nf8 14. Ba4 Re7
15. Rad1 Qc8 16. Ne5 c5 17. Nb5 Bb8 18. f4 a6 19. Nc3 cxd4 20. Nd5 Nxd5 21. cxd5
Bxe5 22. fxe5 Bxd5 23. Qxd4 Bxa2 24. Ba3 Rc7 25. Qxb6 Ne6 26. Rc1 Bd5 27. Rxc7
Qxc7 28. Qxc7 Nxc7 29. Rd1 Be6 30. Bc6 Rc8 31. Bd6 h6 32. Bb7 Rd8 33. Ra1 Nb5
34. Rxa6 Nxd6 35. exd6 g5 1/2-1/2

[Event "chess.com IoM Masters"]
[Site "Douglas ENG"]
[Date "2017.09.28"]
[Round "6.38"]
[White "Houska, Jovanka"]
[Black "Harika, Dronavalli"]
[Result "0-1"]
[WhiteTitle "IM"]
[BlackTitle "GM"]
[WhiteElo "2393"]
[BlackElo "2528"]
[WhiteFideId "405094"]
[BlackFideId "5015197"]
[EventDate "2017.09.23"]

1. d4 Nf6 2. Nf3 e6 3. c4 d5 4. Nc3 c6 5. e3 Nbd7 6. Qc2 Bd6 7. Bd3 O-O 8. O-O
dxc4 9. Bxc4 Qe7 10. Rd1 e5 11. h3 e4 12. Nd2 Nb6 13. Bf1 Re8 14. b3 Bb8 15. Nc4
Nfd5 16. Ba3 Qe6 17. Ne2 Qg6 18. Kh1 Bf5 19. Qd2 Bc7 20. Rac1 h5 21. Bb2 h4 22.
a4 a5 23. Ba3 Qf6 24. Nxb6 Nxb6 25. Nc3 Rad8 26. Qe2 Bg6 27. Kg1 Bb8 28. Bc5 Nd5
29. Nxd5 Rxd5 30. Qe1 Qd8 31. Rd2 Rg5 32. Kh1 Qc7 33. f4 exf3 34. gxf3 Rf5 35.
d5 Rxd5 36. Rg2 b6 37. Ba3 Rg5 38. f4 Be4 39. Qxh4 Rg6 40. Bb2 Qd7 41. Bd4 c5
42. Bc3 Bxg2+ 43. Bxg2 Rxe3 0-1

[Event "chess.com IoM Masters"]
[Site "Douglas ENG"]
[Date "2017.09.28"]
[Round "6.39"]
[White "Karavade, Eesha"]
[Black "Perelshteyn, Eugene"]
[Result "0-1"]
[WhiteTitle "IM"]
[BlackTitle "GM"]
[WhiteElo "2384"]
[BlackElo "2524"]
[WhiteFideId "5012600"]
[BlackFideId "2012529"]
[EventDate "2017.09.23"]

1. e4 c5 2. Nf3 g6 3. d4 Bg7 4. dxc5 Nf6 5. e5 Ng4 6. Qd4 h5 7. Bb5 a6 8. Ba4
O-O 9. O-O d6 10. cxd6 exd6 11. Nc3 Nxe5 12. Nxe5 Bxe5 13. Qd3 Bf5 14. Qd5 Nd7
15. Be3 Nf6 16. Qd2 Rc8 17. Bd4 Rc4 18. Bxe5 dxe5 19. Qxd8 Rxd8 20. Bb3 Rcd4 21.
Rfe1 Rd2 22. Rac1 e4 23. h3 h4 24. Rcd1 Kf8 25. Rxd2 Rxd2 26. Rd1 Rxd1+ 27. Nxd1
Ke7 28. Kf1 Be6 29. Nc3 Bxb3 30. axb3 Kd6 31. Ke2 Ke5 32. Ke3 a5 33. f3 exf3 34.
Kxf3 g5 35. Ne2 Ne4 36. Ke3 f5 37. Nc1 Nc5 38. Na2 Na6 39. Kf3 Nb4 40. Nxb4 axb4
41. c3 b6 42. Ke3 g4 43. hxg4 fxg4 44. cxb4 b5 45. Kf2 Kd4 46. Ke2 Ke4 0-1

[Event "chess.com IoM Masters"]
[Site "Douglas ENG"]
[Date "2017.09.28"]
[Round "6.40"]
[White "Woellermann, Jan"]
[Black "Lubbe, Nikolas"]
[Result "1/2-1/2"]
[BlackTitle "IM"]
[WhiteElo "2384"]
[BlackElo "2515"]
[WhiteFideId "24661155"]
[BlackFideId "4694031"]
[EventDate "2017.09.23"]

1. d4 Nf6 2. c4 e6 3. Nf3 d5 4. g3 dxc4 5. Bg2 Bb4+ 6. Nbd2 b5 7. O-O c6 8. a4
O-O 9. axb5 cxb5 10. Ng5 Nd5 11. e4 Nc7 12. Nxh7 Kxh7 13. e5 Rh8 14. Bxa8 Nxa8
15. Rxa7 Nc7 16. Ne4 Qd7 17. Qg4 Bf8 18. Nf6+ gxf6 19. Rxc7 Qxc7 20. exf6 Nd7
21. Qe4+ Kg8 22. Qg4+ Kh7 23. Qe4+ Kg8 24. Qg4+ Kh7 25. Qe4+ Kg8 26. Qg4+ Kh7 1/2-1/2

[Event "chess.com IoM Masters"]
[Site "Douglas ENG"]
[Date "2017.09.28"]
[Round "6.41"]
[White "Lampert, Jonas"]
[Black "Vaishali, R"]
[Result "1-0"]
[WhiteTitle "IM"]
[BlackTitle "WIM"]
[WhiteElo "2514"]
[BlackElo "2329"]
[WhiteFideId "1303759"]
[BlackFideId "5091756"]
[EventDate "2017.09.23"]

1. d4 Nf6 2. c4 c5 3. d5 e6 4. Nc3 exd5 5. cxd5 Bd6 6. Nf3 O-O 7. Bg5 Re8 8. e3
h6 9. Bh4 Bc7 10. d6 Ba5 11. Bc4 b5 12. Bd5 Nc6 13. O-O Bxc3 14. bxc3 Bb7 15. a4
Na5 16. Bxf6 Qxf6 17. axb5 Qxc3 18. Bxb7 Nxb7 19. Qd5 Na5 20. Rfc1 Qb2 21. Rab1
Qf6 22. Rxc5 Rab8 23. Rc7 a6 24. h3 Qg6 25. Rb2 Qf6 26. Rb4 Nc6 27. Rb3 axb5 28.
Rxd7 Ne5 29. Nxe5 Rxe5 30. Qd4 Qf5 31. Qg4 Qc2 32. Rb4 Ra8 33. Qf3 Ra1+ 34. Kh2
Qg6 35. Rd8+ Kh7 36. d7 Qd6 37. Qf4 Rd1 38. Rc8 Red5 39. d8=Q Qxf4+ 40. Rxf4
Rxd8 41. Rxd8 Rxd8 42. Rxf7 Rd2 43. Kg3 Kg6 44. Rb7 Rb2 45. f4 Rb3 46. Kf3 h5
47. g4 hxg4+ 48. hxg4 b4 49. f5+ Kh6 50. Kf4 g5+ 51. Ke4 Rb1 52. Ke5 b3 53. Kf6
b2 54. Rb8 1-0

[Event "chess.com IoM Masters"]
[Site "Douglas ENG"]
[Date "2017.09.28"]
[Round "6.42"]
[White "Arakhamia-Grant, Ketevan"]
[Black "Olafsson, Helgi"]
[Result "0-1"]
[WhiteTitle "GM"]
[BlackTitle "GM"]
[WhiteElo "2369"]
[BlackElo "2512"]
[WhiteFideId "13600168"]
[BlackFideId "2300010"]
[EventDate "2017.09.23"]

1. e4 c5 2. Nf3 d6 3. d4 cxd4 4. Nxd4 Nf6 5. Nc3 a6 6. Be3 e6 7. f4 b5 8. Qf3
Bb7 9. Bd3 Nbd7 10. g4 Nc5 11. a3 Be7 12. g5 Nfd7 13. O-O O-O 14. Qg3 Re8 15. b4
Nxd3 16. cxd3 Bf8 17. f5 Rc8 18. Rac1 Ne5 19. g6 hxg6 20. fxe6 fxe6 21. Bg5 Qd7
22. Nde2 Nf7 23. Nf4 d5 24. Nxg6 dxe4 25. Nxe4 Bxe4 26. dxe4 Nxg5 27. Qxg5 Qd4+
28. Rf2 Rxc1+ 29. Qxc1 Qxe4 30. Nxf8 Rxf8 31. Rxf8+ Kxf8 32. Qc8+ Kf7 33. Qxa6
Qe2 34. Qa7+ Kg6 35. Qd4 e5 36. Qd6+ Kh7 37. Qd7 e4 38. Qh3+ Kg6 39. Qe6+ Kg5
40. Qe5+ Kh6 41. Qf4+ g5 42. Qf6+ Kh5 43. Qf7+ Kh4 44. Qh7+ Kg4 45. Qd7+ Kf4 46.
Qc7+ Ke3 47. Qc5+ Kd2 48. Qd4+ Kc2 49. Qc5+ Kd2 50. Qd4+ Qd3 51. Qf2+ Kd1 52.
Qf5 Qd4+ 53. Kf1 e3 54. Qb1+ Kd2 55. Qe1+ Kc2 56. Qe2+ Qd2 57. h3 Qxe2+ 58. Kxe2
Kb3 59. Kxe3 Kxa3 60. Ke4 Kxb4 61. Kf5 Kc4 62. Kxg5 b4 63. h4 b3 0-1

[Event "chess.com IoM Masters"]
[Site "Douglas ENG"]
[Date "2017.09.28"]
[Round "6.43"]
[White "Zumsande, Martin"]
[Black "Eggleston, David J"]
[Result "1/2-1/2"]
[WhiteTitle "IM"]
[BlackTitle "IM"]
[WhiteElo "2471"]
[BlackElo "2400"]
[WhiteFideId "4651324"]
[BlackFideId "412120"]
[EventDate "2017.09.23"]

1. e4 c5 2. Nf3 d6 3. c3 Nf6 4. h3 Bd7 5. Bd3 g6 6. O-O Bg7 7. Bc2 Nc6 8. d4
cxd4 9. cxd4 O-O 10. Nc3 e5 11. dxe5 dxe5 12. Bb3 h6 13. Be3 a6 14. Qd2 g5 15.
Rfd1 Qa5 16. Qe2 g4 17. Nh4 Nd4 18. Bxd4 exd4 19. Nd5 Nxd5 20. Bxd5 h5 21. hxg4
hxg4 22. Qd3 Qd8 23. Ng6 Re8 24. Nf4 Qg5 25. g3 Re7 26. Kg2 Be5 27. Rh1 Bxf4 28.
gxf4 Qxf4 29. Qxd4 Qe5 30. Bxf7+ Kg7 31. Qxe5+ Rxe5 32. Bd5 Bc6 33. Bxc6 bxc6
34. Rac1 Rxe4 35. Rxc6 Re2 36. Rhh6 Rxb2 37. Rxa6 Rxa2 38. Rag6+ Kf7 39. Rf6+
Ke7 40. Rb6 R2a7 41. Kg3 Kf7 42. Kh4 Kg7 43. Rbg6+ Kf7 44. Rf6+ Kg7 45. Kxg4 Rf8
46. Rfg6+ Kf7 47. Rb6 Rg8+ 48. Kh3 Rg7 49. f3 Ra1 50. Rb7+ Kg8 51. Rxg7+ Kxg7
52. Rb6 Ra5 53. Kg4 Kf7 54. f4 Rc5 55. Rd6 Ra5 56. f5 Ra1 57. Kg5 1/2-1/2

[Event "chess.com IoM Masters"]
[Site "Douglas ENG"]
[Date "2017.09.28"]
[Round "6.44"]
[White "Krishna, C R G"]
[Black "Basso, Pier Luigi"]
[Result "1/2-1/2"]
[WhiteTitle "IM"]
[BlackTitle "IM"]
[WhiteElo "2367"]
[BlackElo "2460"]
[WhiteFideId "5018625"]
[BlackFideId "866970"]
[EventDate "2017.09.23"]

1. d4 d5 2. c4 e6 3. Nf3 Nf6 4. g3 Be7 5. Bg2 O-O 6. O-O dxc4 7. Qc2 a6 8. a4 c5
9. dxc5 Bxc5 10. Nbd2 b5 11. Ng5 Ra7 12. Nde4 Nxe4 13. Nxe4 Bd4 14. axb5 axb5
15. Rxa7 Bxa7 16. Bf4 Na6 17. Ra1 Qb6 18. Qc3 Rd8 19. Be3 Qc7 20. Bxa7 Qxa7 21.
Qa5 Qc7 22. Qxb5 f5 23. Nc3 Qc5 24. Bc6 Rd6 25. Qxc5 Nxc5 26. Bb5 Ba6 27. Bxa6
Nxa6 28. Ra4 Rc6 29. Nb5 Nc7 30. Na3 c3 31. bxc3 Rxc3 32. Rc4 Rxc4 33. Nxc4 g5
34. f4 g4 35. Kg2 Nd5 36. h3 h5 37. hxg4 hxg4 38. Nd2 Nc3 39. Kf2 Kf7 40. e4 Kf6
41. Ke3 Nd1+ 42. Ke2 Nc3+ 1/2-1/2

[Event "chess.com IoM Masters"]
[Site "Douglas ENG"]
[Date "2017.09.28"]
[Round "6.45"]
[White "Visakh, N R"]
[Black "Vignesh, B"]
[Result "1-0"]
[WhiteTitle "IM"]
[WhiteElo "2458"]
[BlackElo "2261"]
[WhiteFideId "25012223"]
[BlackFideId "5073600"]
[EventDate "2017.09.23"]

1. d4 Nf6 2. c4 e6 3. Nf3 c5 4. d5 d6 5. Nc3 exd5 6. cxd5 g6 7. Bf4 Bg7 8. e3
O-O 9. h3 a6 10. a4 b6 11. Nd2 Bb7 12. Nc4 Ne8 13. Be2 f5 14. O-O Qc7 15. Qd2
Nd7 16. e4 Bd4 17. exf5 gxf5 18. Ra3 Ne5 19. Rb3 Nf6 20. Nxb6 Rae8 21. Be3 Bxc3
22. bxc3 Ne4 23. Qc1 Kh8 24. f4 Ng3 25. Re1 Nxe2+ 26. Rxe2 Ng6 27. c4 Re4 28.
Qb2+ Qg7 29. Qxg7+ Kxg7 30. Nd7 Rf7 31. Rxb7 Nf8 32. Nxf8 Rxb7 33. Ne6+ Kg6 34.
Ng5 Rxc4 35. Bd2 Rc2 36. Re6+ Kg7 37. Be1 Rbb2 38. Kf1 Ra2 39. Rxd6 Rxa4 40.
Ne6+ Kf7 41. Rd7+ Ke8 42. Rd8+ Kf7 43. Rf8+ Kg6 44. Rg8+ Kh6 45. d6 1-0

[Event "chess.com IoM Masters"]
[Site "Douglas ENG"]
[Date "2017.09.28"]
[Round "6.46"]
[White "Ledger, Andrew J"]
[Black "Christiansen, Johan-Sebastian"]
[Result "0-1"]
[WhiteTitle "IM"]
[BlackTitle "IM"]
[WhiteElo "2361"]
[BlackElo "2457"]
[WhiteFideId "400610"]
[BlackFideId "1512668"]
[EventDate "2017.09.23"]

1. d4 d5 2. c4 dxc4 3. Nf3 Nf6 4. e3 b5 5. a4 b4 6. Bxc4 e6 7. O-O Be7 8. Nbd2
Bb7 9. a5 a6 10. Nb3 Nbd7 11. Bd2 Qb8 12. Rc1 O-O 13. Qe2 Rd8 14. Rfd1 Qa7 15.
Be1 Rac8 16. Bd3 c5 17. dxc5 Nxc5 18. Nxc5 Bxc5 19. Ne5 Qa8 20. Bxh7+ Nxh7 21.
Rxd8+ Rxd8 22. Rxc5 Nf6 23. f3 Nd5 24. e4 Nf6 25. Bxb4 Qb8 26. Bc3 Qd6 27. b4
Ne8 28. h3 Nc7 29. Nc4 Qe7 30. Bb2 Nb5 31. Na3 Na7 32. Qc4 Rd1+ 33. Kh2 Qh4 34.
Be5 Qf2 35. Bf4 Rg1 36. Rg5 Qe1 37. Rxg7+ Kh8 0-1

[Event "chess.com IoM Masters"]
[Site "Douglas ENG"]
[Date "2017.09.28"]
[Round "6.47"]
[White "Esserman, Marc"]
[Black "L'Ami, Alina"]
[Result "1/2-1/2"]
[WhiteTitle "IM"]
[BlackTitle "IM"]
[WhiteElo "2453"]
[BlackElo "2286"]
[WhiteFideId "2018616"]
[BlackFideId "1210246"]
[EventDate "2017.09.23"]

1. e4 c5 2. c4 Nc6 3. Ne2 g6 4. d4 cxd4 5. Nxd4 Bg7 6. Be3 Nf6 7. Nc3 Ng4 8.
Qxg4 Nxd4 9. Qd1 Nc6 10. Rc1 d6 11. Be2 O-O 12. O-O b6 13. Qd2 Bb7 14. b3 Qd7
15. f4 Rad8 16. Rfd1 Qc8 17. Bf3 Qa8 18. Qf2 Kh8 19. Nd5 f5 20. Qh4 Rd7 21. Nc3
Nd8 22. exf5 gxf5 23. Bxb7 Qxb7 24. Qh3 e5 25. Nd5 Ne6 26. Rf1 e4 27. Kh1 b5 28.
g4 bxc4 29. bxc4 Nc7 30. Rb1 Qa6 31. g5 Nxd5 32. cxd5 Rdf7 33. Rg1 Qxa2 34. Rbd1
Qe2 35. Rdf1 Qd3 36. Rd1 Qe2 37. Rdf1 Qd3 1/2-1/2

[Event "chess.com IoM Masters"]
[Site "Douglas ENG"]
[Date "2017.09.28"]
[Round "6.48"]
[White "Swayams, Mishra"]
[Black "Thilakarathne, G M H"]
[Result "1-0"]
[WhiteTitle "IM"]
[BlackTitle "CM"]
[WhiteElo "2444"]
[BlackElo "2053"]
[WhiteFideId "5028183"]
[BlackFideId "9912053"]
[EventDate "2017.09.23"]

1. Nf3 Nf6 2. c4 e6 3. Nc3 d5 4. d4 c6 5. Bg5 h6 6. Bh4 dxc4 7. e4 b5 8. e5 g5
9. Bg3 Nd5 10. Nd2 h5 11. h4 g4 12. Nde4 Nd7 13. Be2 Bb7 14. Qd2 Qb6 15. a4 a5
16. O-O O-O-O 17. Ng5 Nxc3 18. bxc3 Bh6 19. Rfb1 Qc7 20. axb5 cxb5 21. Rxb5 Bxg5
22. Qxg5 Qc6 23. Rxb7 Kxb7 24. Rxa5 Nb6 25. Qe7+ Rd7 26. Qa3 Ra8 27. Rxa8 Nxa8
28. f3 Nb6 29. fxg4 hxg4 30. Bxg4 Qb5 31. Kh2 Qb3 32. Qa5 Nd5 33. Bf3 Kb8 34. h5
Qxc3 35. Qb5+ Rb7 36. Qe8+ Ka7 37. h6 Qc2 38. Qd8 Qd2 39. Qh4 f5 40. h7 Rxh7 41.
Qxh7+ Ka6 42. Bxd5 exd5 43. e6 f4 44. e7 f3 45. Qg6+ Kb7 46. Be5 f2 47. e8=Q
f1=N+ 48. Kh1 1-0

[Event "chess.com IoM Masters"]
[Site "Douglas ENG"]
[Date "2017.09.28"]
[Round "6.49"]
[White "Nihal, Sarin"]
[Black "Pranav, V"]
[Result "1-0"]
[WhiteTitle "IM"]
[WhiteElo "2483"]
[BlackElo "2376"]
[WhiteFideId "25092340"]
[BlackFideId "25060783"]
[EventDate "2017.09.23"]

1. b3 e5 2. Bb2 Nc6 3. e3 a6 4. Nf3 e4 5. Nd4 Nxd4 6. Bxd4 d5 7. Bb2 Nf6 8. c4
dxc4 9. bxc4 Bf5 10. Be2 Bd6 11. g4 Be6 12. Nc3 h6 13. Qc2 Be5 14. h4 Qd7 15.
Rg1 Bxc3 16. Bxc3 O-O-O 17. g5 hxg5 18. hxg5 Ne8 19. c5 Qc6 20. Bd4 Rh4 21. Qb2
Rd5 22. f4 Rd8 23. a4 g6 24. Kf2 Rh2+ 25. Rg2 Rh7 26. Rgg1 Rh2+ 27. Rg2 Rh4 28.
Rb1 Bd5 29. Kg3 Rh7 30. a5 Be6 31. Rh2 Rxh2 32. Kxh2 Kb8 33. Kg3 Bc8 34. Kf2 Bf5
35. Bc4 Be6 36. Bxe6 fxe6 37. Rh1 Qd7 38. Rh6 e5 39. Bxe5 Qg4 40. c6 Qf3+ 41.
Ke1 Qg3+ 42. Kd1 Qf3+ 43. Kc2 Rxd2+ 44. Kxd2 Qf2+ 45. Kc3 Qxe3+ 46. Kb4 Qd3 47.
Kc5 Qe3+ 48. Bd4 Qd3 49. Qxb7# 1-0

[Event "chess.com IoM Masters"]
[Site "Douglas ENG"]
[Date "2017.09.28"]
[Round "6.50"]
[White "Balint, Vilmos"]
[Black "Kjartansson, Gudmundur"]
[Result "1-0"]
[BlackTitle "IM"]
[WhiteElo "2281"]
[BlackElo "2456"]
[WhiteFideId "718050"]
[BlackFideId "2301318"]
[EventDate "2017.09.23"]

1. Nf3 Nf6 2. g3 d5 3. Bg2 e6 4. O-O Be7 5. d4 b5 6. a4 b4 7. c4 bxc3 8. bxc3
O-O 9. Nbd2 c5 10. Ne5 cxd4 11. cxd4 Ba6 12. f4 Qb6 13. Ndc4 Qc7 14. Ba3 Bxa3
15. Nxa3 Nbd7 16. Nb5 Bxb5 17. axb5 Nxe5 18. fxe5 Ne4 19. Qd3 Qb7 20. Rf4 f5 21.
exf6 Nxf6 22. Bh3 Rae8 23. Ra6 e5 24. dxe5 Rxe5 25. Be6+ Kh8 26. Rf5 Rxf5 27.
Bxf5 Ne4 28. g4 h6 29. Qd4 Nf6 30. Qc5 Ra8 31. Rc6 Re8 32. h3 a5 33. bxa6 Qb3
34. Bd3 Qd1+ 35. Kg2 Nd7 36. Rc8 1-0

[Event "chess.com IoM Masters"]
[Site "Douglas ENG"]
[Date "2017.09.28"]
[Round "6.51"]
[White "Yoo, Christopher Woojin"]
[Black "Yankelevich, Lev"]
[Result "0-1"]
[WhiteTitle "FM"]
[BlackTitle "IM"]
[WhiteElo "2254"]
[BlackElo "2443"]
[WhiteFideId "30909694"]
[BlackFideId "24684074"]
[EventDate "2017.09.23"]

1. e4 Nf6 2. e5 Nd5 3. c4 Nb6 4. d4 d6 5. exd6 exd6 6. Nc3 Be7 7. Be2 Nc6 8. h3
Bf5 9. a3 O-O 10. Nf3 Bf6 11. O-O Re8 12. b3 h6 13. Be3 d5 14. c5 Nc8 15. b4 a6
16. Qb3 N6e7 17. Rad1 Be6 18. g4 g5 19. Ne1 h5 20. Ng2 hxg4 21. Bxg4 Nf5 22.
Bxf5 Bxf5 23. Kh2 Ne7 24. Qa2 Kg7 25. Rg1 Rh8 26. Nf4 Kf8 27. Nfxd5 Be6 28. Nxf6
Bxa2 29. Nxa2 Qc8 30. Rg3 Nf5 31. Rf3 Nxe3 32. fxe3 g4 33. Rg3 Qf5 34. Rd2 Rxh3+
35. Rxh3 gxh3 36. Nc3 Qxf6 37. Nd5 Qf3 0-1

[Event "chess.com IoM Masters"]
[Site "Douglas ENG"]
[Date "2017.09.28"]
[Round "6.52"]
[White "Gaponenko, Inna"]
[Black "Hemant, Sharma2"]
[Result "0-1"]
[WhiteTitle "IM"]
[BlackTitle "IM"]
[WhiteElo "2437"]
[BlackElo "2342"]
[WhiteFideId "14101181"]
[BlackFideId "5025842"]
[EventDate "2017.09.23"]

1. e4 c5 2. Nf3 d6 3. d4 cxd4 4. Nxd4 Nf6 5. Nc3 a6 6. h3 e5 7. Nde2 h5 8. Bg5
Be7 9. Bxf6 Bxf6 10. Nd5 Bg5 11. g3 Nc6 12. h4 Bh6 13. Qd3 Be6 14. Nec3 Rc8 15.
Bh3 Nd4 16. Kf1 O-O 17. Kg2 Rc5 18. f4 Bxd5 19. exd5 Qc7 20. fxe5 dxe5 21. Rhf1
g6 22. Rf2 f5 23. Kh2 b5 24. a3 Rc4 25. Raf1 Re8 26. Bg2 Kg7 27. Kh1 Rf8 28. d6
Qxd6 29. b3 Rcc8 30. Ne2 Rfd8 31. Nxd4 exd4 0-1

[Event "chess.com IoM Masters"]
[Site "Douglas ENG"]
[Date "2017.09.28"]
[Round "6.53"]
[White "Kiewra, Keaton F"]
[Black "Enkhtuul, Altan-Ulzii"]
[Result "1/2-1/2"]
[WhiteTitle "IM"]
[BlackTitle "WGM"]
[WhiteElo "2433"]
[BlackElo "2327"]
[WhiteFideId "2019280"]
[BlackFideId "4901444"]
[EventDate "2017.09.23"]

1. e4 Nf6 2. e5 Nd5 3. d4 d6 4. Bc4 Nb6 5. Bb3 dxe5 6. Qh5 e6 7. dxe5 a5 8. a4
Na6 9. Nf3 Be7 10. Nc3 Nc5 11. Ba2 O-O 12. Ng5 h6 13. Nf3 Bd7 14. Bxh6 gxh6 15.
Qxh6 f5 16. g4 Rf7 17. gxf5 Rh7 18. Qf4 Kh8 19. O-O-O Bf8 20. h4 Bh6 21. Ng5 Qe7
22. Qd4 Bc6 23. Rhg1 Qf8 24. fxe6 Re8 25. Kb1 Bxg5 26. hxg5 Nxe6 27. Bxe6 Rxe6
28. g6 Rg7 29. Qh4+ Kg8 30. Rd8 Re8 31. Rxe8 Qxe8 32. Ne4 Nd7 33. Rh1 Qxg6 34.
Qd8+ Kf7 35. Rh8 Ke6 36. Re8+ Kf5 37. Ng3+ Kg4 38. Rh8 Qg5 39. Qxc7 Qxe5 40. Qd8
Qe1+ 41. Ka2 Bd5+ 42. b3 Qxf2 43. Qh4+ Kf3 44. Qh1+ Kxg3 45. Qxd5 Qxc2+ 46. Ka3
Qc5+ 47. Qxc5 Nxc5 48. Rh5 Na6 49. Rxa5 Kf4 50. Rh5 Ke4 51. a5 Rd7 52. b4 Rd5
53. Rh4+ Kd3 54. Ka4 Re5 55. b5 Nc7 56. Rh7 Re4+ 57. Kb3 Ne6 58. Rh5 Nd4+ 59.
Kb4 Ne6+ 60. Kb3 Nd4+ 61. Kb4 Nc6+ 62. Kc5 Nxa5 63. Kb6 Ra4 64. Rh3+ Ke2 65. Rh8
Kf3 66. Ra8 Nc4+ 67. Kxb7 Nd6+ 68. Kc6 Rxa8 69. Kxd6 Rd8+ 70. Kc6 Rc8+ 71. Kd6
Rc1 72. b6 Rd1+ 73. Kc7 Rc1+ 74. Kd6 Rb1 75. Kc7 Ke4 76. b7 Rc1+ 77. Kd6 Rb1 78.
Kc7 Rxb7+ 1/2-1/2

[Event "chess.com IoM Masters"]
[Site "Douglas ENG"]
[Date "2017.09.28"]
[Round "6.54"]
[White "Raja, Harshit"]
[Black "Kolbus, Dietmar"]
[Result "1-0"]
[BlackTitle "IM"]
[WhiteElo "2423"]
[BlackElo "2320"]
[WhiteFideId "5089000"]
[BlackFideId "4610628"]
[EventDate "2017.09.23"]

1. e4 e5 2. Nf3 Nf6 3. Nxe5 d6 4. Nf3 Nxe4 5. d4 d5 6. Bd3 Bf5 7. O-O Be7 8.
Nbd2 Nc6 9. Re1 Nxd2 10. Qxd2 Bxd3 11. Qxd3 Qd7 12. c3 O-O 13. Bf4 Rfe8 14. Re2
Bf8 15. Rae1 Rxe2 16. Rxe2 Ne7 17. h4 f6 18. Nh2 Ng6 19. Bg3 c6 20. h5 Ne7 21.
Bf4 Re8 22. Re3 h6 23. Kf1 Kh8 24. Qe2 Rd8 25. Re6 Nc8 26. Nf3 Kg8 27. Nh4 Kf7
28. Re3 Re8 29. Rxe8 Qxe8 30. Qg4 Ne7 31. Bd6 Qc8 32. Qg3 Kg8 33. Bxe7 Bxe7 34.
Qg6 Bf8 35. Nf5 Kh8 36. Ne3 Qe6 37. b4 Bd6 38. Nf5 Bf8 39. Ne3 Bd6 40. g3 Bf8
41. a4 a6 42. Ke2 Qd7 43. Kf3 Qe6 44. Qg4 Qe8 45. Qf5 Bd6 46. Qg6 Qe6 47. Qg4
Qe8 48. Kg2 Bf8 49. Kf1 Bd6 50. Qg6 Qe6 51. Qf5 Qe8 52. Qg4 Bf8 53. Nf5 Kh7 54.
Nh4 Kg8 55. Qf5 Kh8 56. Ng6+ Kg8 57. Qf4 Qd8 58. Qg4 Qe8 59. Nf4 Bd6 60. Ne6 Bf8
61. f4 Qd7 62. Qf5 Qe8 63. Nc7 Qe3 64. Qe6+ Qxe6 65. Nxe6 Be7 66. f5 Kf7 67. Kf2
b5 68. Ke2 bxa4 69. Kd3 Bd6 70. g4 Ke8 71. Kc2 Kd7 72. Nxg7 Kc8 73. Ne6 Kb7 74.
Nc5+ Ka7 75. Nxa4 a5 76. bxa5 Bc7 77. Nb6 Ka6 78. Nd7 Bd8 79. Nc5+ Kb5 80. a6
Kb6 81. Kb3 Bc7 82. c4 Bd8 83. cxd5 cxd5 84. Ka4 Be7 85. a7 Kxa7 86. Kb5 Kb8 87.
Kc6 Kc8 88. Kxd5 Kd8 89. Ke6 1-0

[Event "chess.com IoM Masters"]
[Site "Douglas ENG"]
[Date "2017.09.28"]
[Round "6.55"]
[White "Osmanodja, Filiz"]
[Black "Rakesh, Kumar Jena"]
[Result "1-0"]
[WhiteTitle "WIM"]
[BlackTitle "FM"]
[WhiteElo "2245"]
[BlackElo "2418"]
[WhiteFideId "24633569"]
[BlackFideId "5084822"]
[EventDate "2017.09.23"]

1. e4 d6 2. d4 Nf6 3. Nc3 g6 4. Bg5 Bg7 5. Qd2 h6 6. Bh4 a6 7. f4 b5 8. e5 dxe5
9. fxe5 Nd5 10. Bd3 Nxc3 11. Qxc3 Bb7 12. Nf3 O-O 13. O-O-O Bd5 14. Rhe1 Nd7 15.
e6 Bxe6 16. Rxe6 fxe6 17. Qb3 Bf6 18. Qxe6+ Kg7 19. Ne5 1-0

[Event "chess.com IoM Masters"]
[Site "Douglas ENG"]
[Date "2017.09.28"]
[Round "6.56"]
[White "Arkell, Keith C"]
[Black "Loew, Gerald"]
[Result "1-0"]
[WhiteTitle "GM"]
[BlackTitle "FM"]
[WhiteElo "2415"]
[BlackElo "2262"]
[WhiteFideId "400270"]
[BlackFideId "4615875"]
[EventDate "2017.09.23"]

1. d4 Nf6 2. Nf3 e6 3. c3 c5 4. Bg5 b6 5. Nbd2 h6 6. Bh4 Bb7 7. e3 Be7 8. Bd3
Nc6 9. O-O O-O 10. Qe2 d6 11. a3 Rc8 12. Rfe1 Qc7 13. Rac1 Rfe8 14. h3 cxd4 15.
cxd4 Qb8 16. Rc2 Qa8 17. Rec1 Red8 18. e4 Kf8 19. b4 a6 20. Nc4 Qa7 21. e5 dxe5
22. dxe5 Nd5 23. Nd6 Bxd6 24. Bxd8 Rxd8 25. exd6 Rxd6 26. Be4 Nce7 27. Ne5 Qb8
28. Bxd5 Nxd5 29. Qh5 1-0

[Event "chess.com IoM Masters"]
[Site "Douglas ENG"]
[Date "2017.09.28"]
[Round "6.57"]
[White "Degtiarev, Evgeny"]
[Black "Ojas, Kulkarni"]
[Result "1-0"]
[WhiteTitle "IM"]
[WhiteElo "2412"]
[BlackElo "2289"]
[WhiteFideId "4149610"]
[BlackFideId "25040073"]
[EventDate "2017.09.23"]

1. d4 Nf6 2. c4 g6 3. Nc3 d5 4. cxd5 Nxd5 5. e4 Nxc3 6. bxc3 Bg7 7. Bg5 O-O 8.
Rc1 c5 9. Nf3 Bg4 10. d5 Qa5 11. Qb3 e6 12. Bc4 Bxf3 13. gxf3 exd5 14. Bxd5 Nc6
15. Kf1 c4 16. Qxc4 Rac8 17. Kg2 Kh8 18. h4 h6 19. Be3 f5 20. Qc5 Qd8 21. Bg5
Qe8 22. Qe3 Kh7 23. Bf4 fxe4 24. Bxe4 Qf7 25. Bd6 Rfd8 26. Bg3 h5 27. Qg5 Bh6
28. Qxh5 Kg7 29. Qg4 Bxc1 30. h5 Bh6 31. hxg6 Qf6 32. Rxh6 Kxh6 33. g7 Rg8 34.
Bf4+ Qxf4 35. Qg6# 1-0